Organización psicológica de las experiencias del aprendizaje

Gorde:
Xehetasun bibliografikoak
Egile nagusia: Huerta Ibarra, José (Egilea)
Formatua: Liburua
Hizkuntza:gaztelania
Argitaratua: Ciudad de México Trillas 1978
Saila:Cursos básicos para formación de profesores. Area de sistematización de la enseñanza, 4
Gaiak:
Etiketak: Etiketa erantsi
Etiketarik gabe, Izan zaitez lehena erregistro honi etiketa jartzen!

MARC

LEADER 00000nam a2200000 a 4500
001 UCY6330
003 CL-VaPUC
008 950526e19780000MX |||||||||||||||||spa|d
082 0 4 |a 153.1  |b HUE  |2 21 
100 |a Huerta Ibarra, José  |e author  |9 336970 
245 1 0 |a Organización psicológica de las experiencias del aprendizaje 
300 |a 109 p 
942 |c BK 
945 |d 19950526 00:00:00  |a mfernand 
260 |a Ciudad de México  |b Trillas  |c 1978 
650 0 |a Aprendizaje   |9 254827 
650 0 |a Cognición   |9 270347 
650 0 |a Procesos mentales superiores  |9 330839 
650 0 |a Psicología educacional   |9 307830 
650 7 |a CONCEPTOS  |2 CL-VaPUC  |9 334983 
650 7 |a DESARROLLO DE LOS PROCESOS MENTALES  |2 CL-VaPUC  |9 334692 
650 0 |a Pensamiento  |9 307612 
650 0 |a Razonamiento  |9 256520 
583 |a last modification  |c 19950526 00:00:00  |k Rodrigo Vera 
490 0 |a Cursos básicos para formación de profesores. Area de sistematización de la enseñanza, 4 
999 |c 233899  |d 233897 
952 |0 0  |1 0  |4 0  |6 153_100000000000000_HUE_1978  |7 0  |8 P  |9 239710  |a BIBEDU  |b BIBEDU  |c BIBEDU_PB  |d 2019-11-18  |i 1508709  |o 153.1 HUE 1978  |p 1508709  |r 2024-01-25  |w 2019-11-18  |y BK  |k EDU